| 000 | 00797nam a2200205 a 4500 | ||
|---|---|---|---|
| 001 | 000042459 | ||
| 005 | 20201002040154.0 | ||
| 008 | 131203s1985 sp 000 0 spa d | ||
| 020 | _a8432245526 | ||
| 040 |
_aDO-SdBNP _bspa _cBNPHU |
||
| 041 | 1 | 7 |
_aspa _heng |
| 082 |
_axxx _bM419a |
||
| 100 | 1 |
_aMasson, J. Moussaieff _d1941- _969625 |
|
| 240 | 1 | 0 |
_aThe assault on truth (Freud's suppression of the seduction theory) _lEspañol |
| 245 | 1 | 3 |
_aEl asalto a la verdad : _bla renuncia de Freud a la teoría de la seducción / _cJeffrey Moussaieff Masson ; traducción del inglés por Jaime Zulaika. |
| 260 |
_aBarcelona : _bSeix Barral, _c1985. |
||
| 300 |
_a291, [4] p. ; _c20 cm. |
||
| 500 | _aIncluye datos biográficos del autor en la solapa de la cubierta | ||
| 700 | 1 | 2 |
_aZulaika, Jaime _etr. _969626 |
| 999 |
_c41948 _d41948 |
||